| 000 | 00646nam a22002057a 4500 | ||
|---|---|---|---|
| 005 | 20130703143143.0 | ||
| 010 | _aB-508932-933 | ||
| 020 |
_c625.00 _a9788131701966 |
||
| 035 | _aB-508932-933 | ||
| 037 | _bKBD/Ven | ||
| 082 | _a370.15 | ||
| 100 | _aWoolfolk, Anita | ||
| 245 |
_aEducational psychology /: _cby Anita Woolfolk |
||
| 250 | _a9th | ||
| 260 |
_aNew Delhi _bPearson _c2013 |
||
| 270 |
_a11 Community Centre, Panchsheel Park _bNew Delhi _e110017 |
||
| 300 |
_a669p. _c25cm(pbk) |
||
| 942 |
_2ddc _cEN _h370.15 _mWOO |
||
| 999 |
_c77155 _d77155 |
||